... A : Tiểu thuyết

Uloženo v:
Podrobná bibliografie
Hlavní autor: Bùi, Minh Vũ
Médium: Kniha
Jazyk:Undetermined
Vydáno: Hà Nội Hội nhà văn 2020
Témata:
Tagy: Přidat tag
Žádné tagy, Buďte první, kdo otaguje tento záznam!
Thư viện lưu trữ: Trung tâm Học liệu Trường Đại học Cần Thơ
LEADER 00532nam a2200193Ia 4500
001 CTU_240102
008 210402s9999 xx 000 0 und d
082 |a 895.9223 
082 |b V500 
100 |a Bùi, Minh Vũ 
245 0 |a ... A : 
245 0 |b Tiểu thuyết 
245 0 |c Bùi Minh Vũ 
260 |a Hà Nội 
260 |b Hội nhà văn 
260 |c 2020 
650 |a Tiểu thuyết Việt Nam,Vietnamese fiction 
910 |b nthai 
980 |a Trung tâm Học liệu Trường Đại học Cần Thơ